000
00319nam a2200133Ia 4500
008
190216s9999||||xx |||||||||||||| ||und||
100
_a
Mark W. Zemansky And Richard H. Dittman
245
0
_a
Heat And Thermodynamic
250
_a
6th Ed.
260
_b
Mcgraw -hill
300
_a
543
650
_a
Physics
942
_c
BK
999
_c
33122
_d
33122